<?xml version="1.0" encoding="UTF-8"?>
<record
    xmlns:xsi="http://www.w3.org/2001/XMLSchema-instance"
    xsi:schemaLocation="http://www.loc.gov/MARC21/slim http://www.loc.gov/standards/marcxml/schema/MARC21slim.xsd"
    xmlns="http://www.loc.gov/MARC21/slim">

  <leader>00742nam a2200217Ia 4500</leader>
  <controlfield tag="008">191130s2010##################000#0#eng##</controlfield>
  <datafield tag="020" ind1=" " ind2=" ">
    <subfield code="a">9780230576490</subfield>
  </datafield>
  <datafield tag="040" ind1=" " ind2=" ">
    <subfield code="a">ACL</subfield>
    <subfield code="c">ACL</subfield>
  </datafield>
  <datafield tag="082" ind1=" " ind2=" ">
    <subfield code="a">330.1220951 CHU</subfield>
  </datafield>
  <datafield tag="245" ind1=" " ind2=" ">
    <subfield code="a">Chinese capitalisms : historical emergence and political implications</subfield>
    <subfield code="c">edited by Yin-wah Chu</subfield>
  </datafield>
  <datafield tag="260" ind1=" " ind2=" ">
    <subfield code="a">Houndmills, Basingstoke, Hampshire ; New York, N.Y</subfield>
    <subfield code="b">Palgrave Macmillan</subfield>
    <subfield code="c">c2010</subfield>
  </datafield>
  <datafield tag="300" ind1=" " ind2=" ">
    <subfield code="a">xiv, 248 p</subfield>
  </datafield>
  <datafield tag="500" ind1=" " ind2=" ">
    <subfield code="a">Includes bibliographical references and index</subfield>
  </datafield>
  <datafield tag="650" ind1=" " ind2=" ">
    <subfield code="a">Capitalism -- China</subfield>
  </datafield>
  <datafield tag="650" ind1=" " ind2=" ">
    <subfield code="a">Capitalism -- Political aspects -- China</subfield>
  </datafield>
  <datafield tag="650" ind1=" " ind2=" ">
    <subfield code="a">Capitalism -- Taiwan</subfield>
  </datafield>
  <datafield tag="700" ind1=" " ind2=" ">
    <subfield code="a">Chu, Yin-wah</subfield>
  </datafield>
  <datafield tag="990" ind1=" " ind2=" ">
    <subfield code="a">d99429a7ac10000c233231cec356141e</subfield>
  </datafield>
  <datafield tag="991" ind1=" " ind2=" ">
    <subfield code="a">38984</subfield>
  </datafield>
  <datafield tag="999" ind1=" " ind2=" ">
    <subfield code="c">128588</subfield>
    <subfield code="d">128588</subfield>
  </datafield>
  <datafield tag="952" ind1=" " ind2=" ">
    <subfield code="0">0</subfield>
    <subfield code="1">0</subfield>
    <subfield code="3">hbk</subfield>
    <subfield code="4">0</subfield>
    <subfield code="7">0</subfield>
    <subfield code="a">ACL</subfield>
    <subfield code="b">ACL</subfield>
    <subfield code="c">4A</subfield>
    <subfield code="d">2020-10-12</subfield>
    <subfield code="l">0</subfield>
    <subfield code="o">330.1220951 CHU</subfield>
    <subfield code="p">309231</subfield>
    <subfield code="r">2020-10-12 00:00:00</subfield>
    <subfield code="w">2020-10-12</subfield>
    <subfield code="y">ENGLISH</subfield>
  </datafield>
</record>
